000 02249nam a2200241 4500
005 20250329165444.0
008 190415s2023 000 0 eng d
040 _aCO-CtgCURN
_bspa
_ccoctgcurn
082 0 _aINQ 2023
_bB533
100 1 _aBerrio Diaz, Elver.
245 1 0 _aPrevalencia de los factores de riesgo asociados a la fragilidad en los adultos mayores, de un hogar geriátrico en la ciudad de Cartagena de Indias en el 2 periodo del año 2023 /
_cElver Berrio Diaz; Cristian Camilo Luna González; Breyner Steven Villegas Yépez; asesora: Xiomara Hernández Herazo.
260 _aCartagena de Indias :
_bCorporación Universitaria Rafael Nuñez,
_c2023.
300 _a56 hojas.
504 _aTrabajo de grado (Instrumentación quirúrgica). Corporación Universitaria Rafael Nuñez. Facultad de Ciencias de la Salud. Instrumentación Quirúrgica, 2023.
520 _a"El síndrome de fragilidad es una enfermedad no muy conocida pero muy frecuente que afecta principalmente a los adultos mayores; la influencia de los factores de riesgo como múltiples enfermedades, sedentarios, uso de varios medicamentos, estrés hacen que el cuerpo se deteriore más rápido provocando una discapacidad, dependencia o el deceso. En este sentido, la fragilidad es un síndrome fisiológico caracterizado por la disminución de las reservas y reducción de la resistencia a los estresores, resultado de una declinación acumulativa de sistemas fisiológicos que provoca vulnerabilidad para resultados adversos de salud, la población de adultos mayores de origen latinoamericano tiene un mayor riesgo para el desarrollo de fragilidad, lo cual puede ser atributo a deficientes condiciones socioeconómicas como pobreza y desnutrición"
650 0 _aInstrumentación quirúrgica
_vTesis y disertaciones academicas.
700 1 _aLuna González, Cristian Camilo.
700 1 _aVillegas Yépez, Breyner Steven.
700 1 _aHernández Herazo, Xiomara ,
_easesora.
856 _uhttps://unicurn.sharepoint.com/:b:/s/biblioteca/ESdGCUfuFIxGqMyZIO9StYkBTrnpfenqjOpLOW_9FU9pPw?e=MJ9Asd
_zClick aqui para ver el recurso en texto completo
942 _2ddc
_cTG
_hINQ 2023
_iB533
999 _c4612
_d4612